000 00315nam a2200133Ia 4500
008 240624s9999 xx 000 0 und d
041 _aeng
082 _a658.45 LEH
100 _aLEHMAN CAROL M
245 _aBCOM
260 _c2011
_aAndover
_bCengage Learning
300 _ax, : 429 : p. : cm. ; 28
365 _cRS
999 _c20829
_d20829